000
00308nam a22001217a 4500
008
230704b xxu||||| |||| 00| 0 eng d
082
_a
338.9567
_b
SAL
100
_c
Lord Salter
245
_a
memories of a Public Servant
260
_a
london
_b
Faber and Faber limited
_c
1961
300
_a
351p
942
_2
ddc
_c
BK
999
_c
3551
_d
3551